How Many Times can you Type in "a"? - Statistics

General Stats
  • This quiz has been taken 263 times
  • The average score is 377 of 500
Answer Stats
Answer % Correct
a
99%
a
98%
a
98%
a
98%
a
98%
a
98%
a
98%
a
97%
a
97%
a
97%
a
97%
a
97%
a
97%
a
97%
a
97%
a
97%
a
97%
a
97%
a
97%
a
97%
a
97%
a
97%
a
97%
a
97%
a
97%
a
97%
a
97%
a
97%
a
96%
a
96%
a
96%
a
96%
a
96%
a
96%
a
96%
a
96%
a
96%
a
96%
a
96%
a
96%
a
96%
a
96%
a
96%
a
96%
a
96%
a
96%
a
96%
a
96%
a
96%
a
96%
a
96%
a
96%
a
95%
a
95%
a
95%
a
95%
a
95%
a
95%
a
95%
a
95%
a
95%
a
95%
a
95%
a
95%
a
95%
a
95%
a
95%
a
95%
a
95%
a
95%
a
95%
a
95%
a
95%
a
95%
a
95%
a
95%
a
95%
a
95%
a
95%
a
95%
a
95%
a
95%
a
95%
a
95%
a
95%
a
95%
a
95%
a
95%
a
95%
a
95%
a
94%
a
94%
a
94%
a
94%
a
94%
a
94%
a
94%
a
94%
a
94%
a
94%
a
94%
a
94%
a
94%
a
94%
a
94%
a
94%
a
94%
a
94%
a
93%
a
93%
a
93%
a
93%
a
93%
a
93%
a
93%
a
93%
a
93%
a
93%
a
93%
a
93%
a
93%
a
93%
a
93%
a
93%
a
93%
a
93%
a
93%
a
93%
a
93%
a
93%
a
93%
a
93%
a
93%
a
93%
a
93%
a
93%
a
93%
a
93%
a
93%
a
93%
a
93%
a
93%
a
93%
a
93%
a
93%
a
93%
a
93%
a
93%
a
93%
a
93%
a
93%
a
93%
a
93%
a
92%
a
92%
a
92%
a
91%
a
91%
a
91%
a
91%
a
91%
a
91%
a
91%
a
91%
a
91%
a
91%
a
91%
a
91%
a
91%
a
91%
a
91%
a
91%
a
91%
a
90%
a
90%
a
90%
a
90%
a
90%
a
90%
a
90%
a
90%
a
90%
a
90%
a
90%
a
90%
a
90%
a
90%
a
90%
a
90%
a
90%
a
90%
a
90%
a
89%
a
89%
a
89%
a
89%
a
89%
a
89%
a
89%
a
89%
a
89%
a
89%
a
89%
a
88%
a
88%
a
88%
a
87%
a
87%
a
87%
a
87%
a
87%
a
87%
a
87%
a
87%
a
87%
a
87%
a
87%
a
87%
a
87%
a
87%
a
87%
a
87%
a
86%
a
85%
a
85%
a
85%
a
85%
a
85%
a
85%
a
85%
a
85%
a
85%
a
85%
a
85%
a
85%
a
85%
a
85%
a
85%
a
85%
a
85%
a
84%
a
84%
a
84%
a
84%
a
84%
a
84%
a
84%
a
84%
a
83%
a
82%
a
82%
a
82%
a
82%
a
82%
a
82%
a
82%
a
82%
a
82%
a
82%
a
82%
a
81%
a
81%
a
81%
a
81%
a
81%
a
81%
a
81%
a
81%
a
81%
a
81%
a
81%
a
81%
a
81%
a
80%
a
80%
a
80%
a
80%
a
80%
a
80%
a
80%
a
80%
a
80%
a
80%
a
80%
a
80%
a
80%
a
80%
a
79%
a
79%
a
79%
a
79%
a
79%
a
79%
a
79%
a
79%
a
79%
a
79%
a
79%
a
79%
a
79%
a
79%
a
79%
a
79%
a
79%
a
79%
a
79%
a
79%
a
79%
a
79%
a
79%
a
77%
a
77%
a
77%
a
77%
a
77%
a
77%
a
77%
a
77%
a
77%
a
77%
a
76%
a
76%
a
76%
a
75%
a
75%
a
74%
a
74%
a
73%
a
73%
a
73%
a
73%
a
73%
a
73%
a
73%
a
73%
a
73%
a
73%
a
73%
a
72%
a
71%
a
71%
a
71%
a
71%
a
71%
a
71%
a
71%
a
71%
a
70%
a
70%
a
70%
a
70%
a
69%
a
69%
a
68%
a
67%
a
67%
a
66%
a
65%
a
64%
a
63%
a
62%
a
62%
a
62%
a
61%
a
60%
a
59%
a
59%
a
59%
a
59%
a
58%
a
58%
a
58%
a
57%
a
56%
a
56%
a
54%
a
54%
a
54%
a
54%
a
54%
a
53%
a
53%
a
51%
a
50%
a
50%
a
50%
a
50%
a
50%
a
50%
a
50%
a
50%
a
50%
a
50%
a
50%
a
50%
a
50%
a
50%
a
50%
a
50%
a
50%
a
50%
a
50%
a
49%
a
49%
a
49%
a
47%
a
47%
a
47%
a
46%
a
46%
a
46%
a
46%
a
45%
a
45%
a
45%
a
45%
a
45%
a
44%
a
44%
a
44%
a
44%
a
44%
a
44%
a
44%
a
43%
a
43%
a
43%
a
42%
a
42%
a
42%
a
42%
a
42%
a
42%
a
42%
a
42%
a
41%
a
41%
a
41%
a
41%
a
41%
a
41%
a
40%
a
40%
a
39%
a
38%
a
38%
a
38%
a
38%
a
38%
a
38%
a
38%
a
38%
a
37%
a
37%
a
37%
a
37%
a
37%
a
37%
a
37%
a
37%
a
37%
a
37%
a
37%
a
37%
a
37%
a
37%
a
37%
a
37%
a
37%
a
37%
a
37%
a
37%
a
37%
a
37%
a
37%
a
37%
a
37%
a
37%
a
37%
a
37%
a
37%
a
37%
a
37%
a
37%
a
37%
a
36%
a
36%
a
36%
a
36%
a
36%
a
36%
a
36%
a
36%
a
36%
a
36%
a
36%
a
36%
a
36%
a
36%
a
36%
No matching quizzes found
Score Distribution
Percent of People with Each Score
Percentile by Number Answered
Your Score History
You have not taken this quiz